| 000 | 00350nam a22001337a 4500 | ||
|---|---|---|---|
| 020 | _qPB. | ||
| 040 | _cFIZZA ISHAQ | ||
| 082 |
_a530 _bGER |
||
| 100 |
_aHOLTON,GERALD. _9132536 |
||
| 245 |
_aTHE PROJECT PHYSICS COURSE / _cGERALD HOLTON. |
||
| 260 |
_aNEW YORK; _bHOLT,RINEHART AND WINSTON, _c1970. |
||
| 300 |
_a376 P. ; _c10.3X8IN |
||
| 942 |
_2ddc _cBK |
||
| 999 |
_c615675 _d615675 |
||